Το πηγάδι της μοναξιάς
Αποθηκεύτηκε σε:
| Κύριος συγγραφέας: | |
|---|---|
| Μορφή: | Βιβλίο |
| Γλώσσα: | Greek English |
| Δημοσίευση: |
Αθήνα :
Κουκίδα,
c2003.
|
| Θέματα: | |
| Ετικέτες: |
Προσθήκη ετικέτας
Δεν υπάρχουν, Καταχωρήστε ετικέτα πρώτοι!
|
MARC
| LEADER | 00000cam a2200000 i 4500 | ||
|---|---|---|---|
| 001 | 1/58614 | ||
| 008 | 040701s2003 gr | ||| |||| ||gre|| | ||
| 020 | |a 960879630X | ||
| 035 | |l 10073974 | ||
| 040 | |a GR-MyUa |b gre |e AACR2 | ||
| 041 | 1 | |a gre |h eng | |
| 082 | 7 | |a 823 |2 (22 ) | |
| 100 | 1 | |a Hall, Radclyffe. | |
| 245 | 1 | 3 | |a Το πηγάδι της μοναξιάς / |c Ράντκλιφ Χολ ; μετάφραση Νίκη Σταυρίδη ; επιμέλεια Ελευθερία Ζέη ; επίμετρο Βενετία Καντσά. |
| 260 | |a Αθήνα : |b Κουκίδα, |c c2003. | ||
| 300 | |a 606 σ. ; |c 21 εκ. | ||
| 500 | |a Τίτλος πρωτοτύπου: The well of loneliness. | ||
| 650 | 0 | |a English fiction. | |
| 852 | |a INST |b LESVOS |e 20040701 |h 823.912 HAL |p 005100030523 |q 005100030523 |t BK |y 0 | ||
| 852 | |a INST |b SYROS |e 20060111 |h 823 HAL |p 005500005238 |q 005500005238 |t BK |y 0 | ||
| 901 | |a BIBL5-2006-1 | ||
| 901 | |a BIBL1-2004-2 | ||
| 922 | |a 5ΕΛΗ |b 200511 |c Βιβλιοθήκη Σύρου |d Σελεφαΐς | ||
| 970 | |a Τζαφέρη |b Ευαγγελία |z 01/07/2004 | ||